000 01172nam a2200349 i 4500
001 11922
003 KOSZ 005
005 20191018145937.0
008 071024s1969 pl ab g e 001 0 pol
015 _aPB 1969/9537
040 _aWA N
_cKOSZ 005/RW
_dKOSZ 005/RW
_dKOSZ 005/HR
046 _k1969
080 _a5
080 _a6
080 _a(03)
245 0 0 _aEncyklopedia :
_bprzyroda i technika : zagadnienia wiedzy współczesnej /
_c[kom. red. Józef Barbag et al.].
246 3 0 _aPrzyroda i technika
250 _aWyd. 3.
260 _aWarszawa :
_b"Wiedza Powszechna",
_c1969.
300 _aXXII, [2], 1406, [2] s., [31] k. tabl. :
_bil., mapy ;
_c24 cm.
380 _aKsiążki.
388 _a1901-
500 _aPrzedruk wyd. 2.
504 _aBibliogr. przy hasłach. Indeks.
655 4 _aEncyklopedia
650 4 _aTechnika
650 4 _aNauki przyrodnicze
700 1 _aBarbag, Józef
_d(1903-1982).
_eRedakcja
710 2 _aPaństwowe Wydawnictwo Wiedza Powszechna
_4pbl.
856 _uhttp://koha.tu.koszalin.pl/cgi-bin/koha/opac-detail.pl?biblionumber=11922
_yKatalog online BPK
942 _2UKD
_cKS
999 _c11922
_d11922